000 00302cam a22001097a 4500
008 180718b1971 xxu||||| |||| 00| 0 eng d
082 _aT19x5125 H775
100 _aHopkins,Keith
245 _aHong Kong : The Industrial colony
_cEdited by Keith Hopkins
260 _aLondon
_bOxford
_c1971
300 _a422p
999 _c412294
_d412294